| 000 | 01296nam a2200361 a 4500 | ||
|---|---|---|---|
| 001 | vtls000183873 | ||
| 003 | NLI | ||
| 005 | 20210602111126.0 | ||
| 008 | 101125s2005 enka 001 0 eng | ||
| 020 |
_a1403916160 : _cPND 125.00 |
||
| 039 | 9 |
_y201011252214 _zVLOAD |
|
| 040 |
_aNLI _beng _cDatasoft 1 _eAACR2 |
||
| 041 | 0 | _aeng | |
| 044 | _aenk | ||
| 082 | 0 | 4 | _a333.9214 |
| 100 | 1 |
_aStowell, Debbie _9357997 |
|
| 245 | 1 | 0 |
_aClimate trading : _bdevelopment of greenhouse gas markets / _cDeborah Stowell |
| 246 | 0 | _aDevelopment of greenhouse gas markets | |
| 260 |
_aHoudnmills : _bPalgrave Macmillan, _c2005 |
||
| 300 |
_axv, 246 p. : _bill. ; _c24 cm. |
||
| 440 | 0 |
_aFinance and capital markets _9357750 |
|
| 504 | _aIncludes bibliographical references and index | ||
| 650 | 0 |
_aEmissions trading _9357998 |
|
| 650 | 0 |
_aClimatic changes _xEconomic aspects _9281715 |
|
| 650 | 0 |
_aAir _xPollution _xGovernment policy _9357999 |
|
| 650 | 0 |
_aGreenhouse gases _xLaw and legislation _9358000 |
|
| 887 | _a | ||
| 901 |
_a554964 _b09.01.2007 |
||
| 902 | _aE 333.9214 St 79 | ||
| 942 |
_2ddc _cBKS |
||
| 949 |
_AVIRTUAITEM _D10000 _X100 _6PUR000554964ENG |
||
| 999 |
_aVIRTUA 0 _c190036 _d190036 |
||
| 999 | _aVTLSSORT0080*0200*0400*0410*0440*0820*1000*2450*2460*2600*3000*4400*5040*6500*6501*6502*6503*9010*9020*9490*9991 | ||